logo

Bir Sreshtho Munshi Abdur Rouf Library
Jhenaidah Cadet College

Writing A College Handbook / (Record no. 5769)

MARC details
000 -LEADER
fixed length control field 00633nam a2200229 a 4500
001 - CONTROL NUMBER
JCCL Control Number 5769
003 - CONTROL NUMBER IDENTIFIER
JCCL marc code BD-JhCC
005 - DATE AND TIME OF LATEST TRANSACTION
control field 20171221100344.0
008 - FIXED-LENGTH DATA ELEMENTS--GENERAL INFORMATION
fixed length control field 171221s1982 n |||| || | 000 0 eng d
035 ## - SYSTEM CONTROL NUMBER
system control number (BD-JhCC)5769
040 ## - CATALOGING SOURCE
Original cataloging agency BD-JhCC
Modifying agency BD-JhCC
041 ## - LANGUAGE CODE
Language code of Book eng
082 ## - DEWEY DECIMAL CLASSIFICATION NUMBER
Classification number 808.042
Author mark and Year HEF 1982
100 ## - MAIN ENTRY--PERSONAL NAME
Personal name Heffernan, James A. W.
245 ## - TITLE STATEMENT
Title Writing A College Handbook /
Statement of responsibility, etc James A. W. Heffernan and John E. Lincoln
260 ## - PUBLICATION, DISTRIBUTION, ETC. (IMPRINT)
Place of publication, distribution, etc New York :
Name of publisher, distributor, etc W. W. Norton & Company,
Date of publication, distribution, etc 1982.
300 ## - PHYSICAL DESCRIPTION
Pagination 575 p. :
Dimensions 24 cm.
650 ## - SUBJECT ADDED ENTRY--TOPICAL TERM
Topical term or geographic name as entry element English Language
General subdivision Rhetoric
700 ## - ADDED ENTRY--PERSONAL NAME
Personal name Lincoln, John E.
942 ## - ADDED ENTRY ELEMENTS (KOHA)
Source of classification or shelving scheme Dewey Decimal Classification
Koha item type Books
Holdings
Source of classification or shelving scheme Damaged status Not for loan Home library Current library Shelving location Date of accession Source of acquisition Total Checkouts Full call number Barcode Date last seen Copy number Koha item type
Dewey Decimal Classification     JCC Rouf Library JCC Rouf Library General Stacks 12/21/2017 The Asia Foundation   808.042 HEF 1982 8069 12/21/2017 C - 1 Books

JCC Library | Contacts | JCC Home

Last Update on 23 September 2017
Copyright @ 2017-2020 JCC Rouf Library
Rouf Library, Jhenidah Cadet College (JCC), Bangladesh